Matica Slovenská : (Record no. 20088)
[ view plain ]
| 000 -LEADER | |
|---|---|
| fixed length control field | 01096cam a2200337 4500 |
| 001 - CONTROL NUMBER | |
| control field | 20088 |
| 003 - CONTROL NUMBER IDENTIFIER | |
| control field | CZ PrNK |
| 005 - DATE AND TIME OF LATEST TRANSACTION | |
| control field | 20260115155603.0 |
| 007 - PHYSICAL DESCRIPTION FIXED FIELD--GENERAL INFORMATION | |
| fixed length control field | tu |
| 008 - FIXED-LENGTH DATA ELEMENTS--GENERAL INFORMATION | |
| fixed length control field | 960321s1988 xo a e 000 0 slo |
| 020 ## - INTERNATIONAL STANDARD BOOK NUMBER | |
| Qualifying information | (Brož.) |
| 040 ## - CATALOGING SOURCE | |
| Original cataloging agency | ABA001 |
| Language of cataloging | cze |
| Transcribing agency | ABA001 |
| Modifying agency | ABA001 |
| 043 ## - GEOGRAPHIC AREA CODE | |
| Geographic area code | e-xo--- |
| 045 ## - TIME PERIOD OF CONTENT | |
| Time period code | w6x8 |
| 072 #7 - SUBJECT CATEGORY CODE | |
| Subject category code | 061.2 |
| Subject category code subdivision | Nevládní organizace a kooperace |
| Source | Konspekt |
| 080 ## - UNIVERSAL DECIMAL CLASSIFICATION NUMBER | |
| Universal Decimal Classification number | 061.2 Maticeslovenská(437.6-2Martin)(036:084.1)=854 |
| Edition identifier | undef |
| 100 1# - MAIN ENTRY--PERSONAL NAME | |
| Personal name | Mruškovič, Viliam, |
| Dates associated with a name | 1940-2020 |
| Relationship | com |
| 245 10 - TITLE STATEMENT | |
| Title | Matica Slovenská : |
| Remainder of title | sprievodca / |
| Statement of responsibility, etc. | zostavil Viliam Mruškovič |
| 250 ## - EDITION STATEMENT | |
| Edition statement | 1. vyd. |
| 260 ## - PUBLICATION, DISTRIBUTION, ETC. | |
| Place of publication, distribution, etc. | Martin : |
| Name of publisher, distributor, etc. | Matica slovenská, |
| Date of publication, distribution, etc. | 1988 |
| 300 ## - PHYSICAL DESCRIPTION | |
| Extent | 141 s. : |
| Other physical details | il. ; |
| Dimensions | 19 cm |
| 490 1# - SERIES STATEMENT | |
| Series statement | Metodika a propagácia. Séria Jubileá |
| 504 ## - BIBLIOGRAPHY, ETC. NOTE | |
| Bibliography, etc. note | Bibliografie na konci knihy |
| 610 27 - SUBJECT ADDED ENTRY--CORPORATE NAME | |
| Corporate name or jurisdiction name as entry element | Matica slovenská |
| Source of heading or term | czenas |
| 651 #7 - SUBJECT ADDED ENTRY--GEOGRAPHIC NAME | |
| Geographic name | Slovensko |
| General subdivision | kultura a společnost |
| Source of heading or term | czenas |
| 655 #7 - INDEX TERM--GENRE/FORM | |
| Genre/form data or focus term | fotografické publikace |
| Source of term | czenas |
| 655 #7 - INDEX TERM--GENRE/FORM | |
| Genre/form data or focus term | informační publikace |
| Source of term | czenas |
| 830 #0 - SERIES ADDED ENTRY--UNIFORM TITLE | |
| Uniform title | Metodika a propagácia. |
| Name of part/section of a work | Séria Jubileá |
| 910 ## - USER-OPTION DATA (OCLC) | |
| User-option data | ABA001 |
| 942 ## - ADDED ENTRY ELEMENTS (KOHA) | |
| Source of classification or shelving scheme | Dewey Decimal Classification |
| Koha item type | Odborná literatúra pre dospelých |
| Suppress in OPAC | No |
| Stav vyradenia | Strata | Poškodenie | Spôsob nadobudnutia | Domovská knižnica | Aktuálna knižnica | Dátum nadobudnutia | Total checkouts | Čiarový kód exemplára | Date last seen | Typ exemplára |
|---|---|---|---|---|---|---|---|---|---|---|
| Dar | Obecná knižnica Horná Štubňa | Obecná knižnica Horná Štubňa | 15.01.2026 | 4736200073 | 15.01.2026 | Odborná literatúra pre dospelých |
